| 000 | 00375nam a2200157Ia 4500 | ||
|---|---|---|---|
| 008 | 230524s9999 xx 000 0 und d | ||
| 082 |
_a612.3812 _bLAK |
||
| 100 | _aK.R.Lakshminarayanan | ||
| 245 | 0 | _aEffective Technical English | |
| 250 | _a3RD | ||
| 260 |
_aCHENNAI _bScitech _c2004 |
||
| 300 | _a233 | ||
| 500 | _aQuantity Number: 2 | ||
| 650 | _aEnglish | ||
| 942 | _cBK | ||
| 999 |
_c8712 _d8712 |
||